Statistiques concernant Game of Thrones personnages

Cliquez ici pour prendre le quiz!

Statistiques générales

  • Ce quiz a été pris 109 fois
    (108 depuis la dernière actualisation)
  • Le résultat moyen est 91 sur 174

Statistiques - réponses

IndicesNuméroEspècesPersonnage% Correct
Garde de nuit,meurt à Winterfell98HumainEddison Tallet
98%
Les stark3HumainArya stark
97%
Les Stark2HumainSansa stark
97%
Les Stark1Humainjon snow
95%
Les stark7HumainBrandon stark
94%
Les stark6HumainCatelyn stark
94%
Les stark4HumainRobb stark
92%
Lannister15HumainCersei Lannister
91%
Lannister dis Baratheon20HumainJoffrey Lannister
91%
Targaryen23HumainDaenerys targaryen
89%
Lannister14HumainJaime lannister
89%
Les stark8HumainRickon stark
89%
Les stark10HumainLyanna Stark
88%
Lannister13HumainTyrion Lannister
88%
Lannister16HumainTywin Lannister
88%
Targaryen22HumainViserys Targaryen
88%
Baratheon28HumainRobert Baratheon
86%
Baratheon29HumainStannis Baratheon
86%
Lannister dis Baratheon18HumainTommen Lannister
86%
Les stark5HumainEddard stark
84%
Martell41HumainOberyn Martell
84%
Greyjoy48HumainTheon Greyjoy
84%
Lannister dis Baratheon19HumainMyrcella Lannister
83%
Loup d'Arya Stark139LoupNymeria
83%
Martell dis sand45HumainNymeria Sand
83%
Les Bolton54HumainRamsay Bolton
83%
Baratheon30HumainRenly Baratheon
83%
Clegane81HumainGregor Clegane
81%
Tyrell38HumainLoras Tyrell
81%
Sorcière rouge96HumainMelissandre
81%
Clegane80HumainSandor Clegane
81%
Prostituée de Tyrion85HumainShae
81%
Frey58HumainWalder Frey
81%
Tyrell37HumainMargaery Tyrell
80%
Tarly74HumainSamwell Tarly
80%
Son Rival (eunuque)83HumainVarys
80%
Mormont70HumainJorah Mormont
78%
Les Stark11HumainBenjen Stark
77%
Greyjoy51HumainEuron Greyjoy
77%
Je l'adore (ruse, manipulateur)82HumainPetyr Baelish
77%
Greyjoy50HumainYara Greyjoy
77%
Lannister17HumainLancel lannister
75%
Les Bolton55HumainRoose Bolton
75%
Il veut la Tuer (oignon)97HumainDavos
73%
Mormont71HumainJeor Mormont
73%
12Devise de la maisonL'hiver vient
73%
Arryn66HumainLysa Arryn
73%
Cité des Stark160CitéWinterfell
73%
Greyjoy49HumainBalon Greyjoy
72%
Feu93DragonDrogon
72%
Emblème des Lannister143EmblèmeLion
72%
De Nath92HumainMissandei
72%
Targaryen24HumainAemon Targaryen
70%
Emblème des Targaryen144EmblèmeDragon
70%
Géant accompagnant Bran Stark113HumainHodor
70%
Arryn67HumainRobin Arryn
70%
Feu95DragonViserion
70%
Elle à gagner le Tournoi de Renly Baratheon116HumainBrienne de Thorth
69%
Khal Targaryen26HumainKhal Drogo
69%
Targaryen25HumainRhaegar Targaryen
69%
Sauvageon, ami de jon87HumainTormund
69%
Grand guerrier qui sauve Tyrion plusieurs fois118HumainBronn de la Nera
67%
Il siège au conseil restreint, il est vieut119HumainGrand Mestre Pycelle
67%
Il est l'écuyer de Tyrion puis d'une grande femme117HumainPodrick Payne
67%
Tully64HumainEdmure Tully
66%
Sauvageon, dans son "manoir"90HumainCraster
64%
Emblème des Stark142EmblèmeLoup
64%
Feu94DragonRhaegal
64%
Loup de Bran Stark140LoupEté
63%
Loup de Jon Snow138LoupFantôme
63%
Mormont72HumainLyanna Mormont
63%
Tyrell36HumainOlena Tyrell
63%
Tyrell35HumainMace Tyrell
61%
Baratheon31HumainShireen baratheon
61%
Nom de l'épée d'Arya156EpéeAiguille
59%
Faisait partie de la garde royale et meurt par les fils de la Harpie127HumainBarristan Selmy
59%
Reste à Meereen86HumainDaario Naharis
59%
Martell dis Sand43HumainEllaria Sand
59%
Arryn68HumainJon Arryn
59%
Sauvageon, leur chef88HumainMance Ryder
59%
Garde de nuit, il tue Ygrid101HumainOlly
59%
Maître d'arme d'Arya125HumainSyrio Forel
59%
Compagne de Samwell84HumainVère
59%
Guerrier eunuque91HumainVer gris
59%
Sauvageon, maîtresse de jon89HumainYgrid
59%
Bourreau qui décapite Eddard Stark132HumainIlyn Payne
58%
Baratheon32HumainGendry Baratheon
56%
Accompagne et meurt pour Bran Stark111HumainJojen Read
56%
Mestre de Winterfell avant les Bolton120HumainMestre Luwin
56%
Martell42HumainTrystan Martell
56%
Les Bolton56HumainWalda Bolton
56%
Martell40HumanDoran Martell
55%
Sans visage son l'apparence d'une personne131HumainJaqen H'ghar
55%
Martell dis sand44HumanObara Sand
55%
Emblème des Mormont153EmblèmeOurs
55%
Garde de nuit, ennemi de Jon100HumainAlliser Thorne
53%
Emblème des Baratheon147EmblèmeCerf
53%
Je l'avais oublier : Lannister173HumainKevan Lannister
53%
Femme accompagnant Bran Stark112HumainMeera Read
53%
Il a tué le maître à danser d'Arya et il est mort par Arya174HumainMeryn Trant
53%
Loup de Robb141LoupVent gris
53%
Tarly78HumainDickon Tarly
52%
Il est réanimer plusieurs fois par le maître de la Lumière129HumainBeric Dondarion
50%
Réanime La Montagne122HumainQyburn
50%
Baratheon33HumainSelyse Baratheon
50%
Cité des Lannister161CitéCastral Rock
48%
Son prêtre qui le ranime130HumainThoros de Myr
48%
Emblème des Greyjoy146EmblèmeKraken
47%
Il enferme Margaery, Loras et Cersei124HumainLe Grand Moineau
45%
27Devise de la MaisonFeu et Sang
44%
Il vit dans un arbre115HumainLa corneille à trois yeux
42%
Tarly75HumainRandyll Tarly
42%
Cité des Greyjoy165CiterPyk
41%
Emblème des Tully151EmblèmeTruite
41%
Cité des Baratheon162CitéAccalmie
39%
Cité des Tyrell164CiterHautjardin
39%
Maître d'arme de Winterfell126HumainRodrick Cassel
39%
Géant Sauvageon137GéantWun Wun
39%
Emblème des Martell148EmblèmeSoleil
38%
Les stark9HumainTalisa Stark
38%
Garde de nuit, Protège Arya de Cersei après la décapitation d'Eddard Stark104HumainYoren
38%
Garde de nuit, ami de Jon et tueur de géant106HumainGrenn
36%
Enfant de la fôret114HumainFeuille
34%
Tully63HumainHoster Tully
34%
Garde de nuit, Se sacrifie pour Jon pour qu'il gagne la confiance des sauvageons105HumainQhorin "Le Mi-main
34%
Emblème des Clegane155EmblèmeChien
33%
Cité des Targaryen163CiterPeyredragon
33%
Greyjoy52HumainAeron Greyjoy
30%
Cité des Frey168CiterLes Jumeaux
30%
34Devise de la MaisonNotre est la Fureur
30%
Réanimateur des morts128HumainRoi de la nuit
30%
Nom de l'épée de Jon157EpéeGrand Griffe
28%
53Devise de la MaisonNous ne semons pas
28%
Cité des Tully169CiterVivesaigues
28%
Garde de nuit, il se cache avec vère durant la bataille contre les sauvageons103HumainJanos slint
27%
Cité des Arryn170CiterLes Eyrié
27%
Maîtresse de Ramsay Bolton135HumainMyranda
27%
Tante de tuer Bran au manoir de Craster136HumainLocke
25%
Emblème des Arryn152EmblèmeOiseau
25%
L'autre épée de Joffrey159EpeePleur de veuve
25%
Emblème des Tyrell145EmblèmeRose d'or
23%
Garde de nuit, décapiter par Ned Stark au tout début110HumainWill
23%
Garde de nuit, chef de la mutinerie contre Jeor Mormont et assasin de Craster109HumainKarl Tanner
22%
Garde de nuit, assasin de Jeor Mormont107HumainRast
22%
Cité des Bolton167CiterFort Terreur
20%
Cité des Martell166CiterLancehélion
20%
Frey60HumainLothar Frey
20%
Nom de l'une des épée de Joffrey158EpéeMangecoeur
17%
39Devise de la MaisonPlus haut, plus fort
17%
Il reste au Val pour apprendre Robin à sa battre133HumainYohn Royce
16%
Emblème des Frey150EnblèmeDeux Tours
14%
65Devise de la MaisonFamille,Devoir,Honneur
14%
Frey59HumainWalder le noir
14%
Tully62HumainBrynden Tully, Sillure
13%
79Devise de la maisonPremier au combat
13%
Cité des Tarlly172CiterCorcolline
11%
Emblème des Bolton149EmblèmeÉcorcher
11%
21Devise de la MaisonEcoute moi rugir
11%
47Devise da la MaisonInsoumis,Invaincus,Intacts
11%
61Devise de la MaisonToujours Unis
11%
Garde de nuit, 1er intendant102HumainBowen Marsh
9%
Cité des Mormont171CiterIles aux ours
9%
Tarly77HumainTalla Tarly
9%
57Devise de la maisonNos lames sont acérées
8%
69Devise de la MaisonAussi haute qu'honneur
6%
Tarly76HumainMelessa Tarly
6%
Mestre de Winterfell pendant et après le Bolton121HumainMestre Wolkan
6%
Garde de nuit, 1er Ingénieur99HumainOthell Yarwych
5%
Garde de nuit,ami de Jon et ancien mime108HumainPyper
5%
Un des Mestres de la Citadelle123HumainEbrose
3%
73Devise de la MaisonIci nous nous tenons debout
3%
Il va voire Cersei Lannister pour qu'elle rembourse la Banque de Fer134HumainTycho Nestoris
3%
Emblème des Tarly154EmblèmeUn Archer
3%
Martell dis sand46HumainTylene Sand
2%

Distribution des résultats

Percentile par nombre de réponses

% des personnes avec chaque résultat

Votre développement - résultats

Vous n’avez pas pris ce quiz depuis la dernière actualisation